| 000 | 00355nam a2200121Ia 4500 | ||
|---|---|---|---|
| 008 | 190722s9999 xx 000 0 und d | ||
| 020 | _a13.978.93.392.2013.6 | ||
| 100 | _aWilliams Haka Bettner | ||
| 245 | 0 | _aFinancial and Managerial Accounting the basis for Business decisions | |
| 260 |
_aNew Delhi _bMCGraw Hill ED _c2015 |
||
| 300 | _a1170 | ||
| 942 | _cBK | ||
| 999 |
_c774 _d774 |
||